One Piece History - Statistics

General Stats
  • This quiz has been taken 79 times
  • The average score is 13 of 26
Answer Stats
Hint Year in BLS (before Luffy sailed) Answer % Correct
King of the pirates 75 BLS Gol D. Roger
82%
Historical figure written about in poneglyphs 800 BLS Joyboy
82%
Only known living person who can read the poneglyphs 28 BLS Nico Robin
76%
Pirate who ruled wano for 2 decades 18 BLS Kaido
73%
Legendary swordsman of Wano who lived in the "Era of Gold" <800 BLS Ryuma
69%
Pirate blamed for the destruction of Enies Lobby LS Monkey D. Luffy
67%
"Blue Ogre" and one of the captains of the Giant Warrior Pirates 158 BLS Dorry
64%
Pirate renowned as the world's strongest man 72 BLS Edward Newgate
62%
141-year-old doctor born in the Drum Kingdom 139 BLS Kureha
62%
Oldest known creature in the world, has lived for at least 1000 years >1000 BLS Zunesha
60%
The other captain of the Giant Warrior Pirates 158 BLS Broggy
56%
Famed explorer from the Lvneel kingdom 500 BLS Noland
55%
Family of stonemasons known for creating the poneglyphs >800 BLS Kozuki
53%
Island that disappeared after a fight between Gol D. Roger and Rocks D. Xebec occured on it 36 BLS God Valley
51%
Successor of the above 76 BLS Sengoku
51%
Pirate who defeated Queen the Plague 2 ALS Vinsmoke Sanji
51%
Alleged son of the above 33 BLS Edward Weevil
45%
Teacher of the above 85 BLS Clover
36%
Original royal family of Dressrosa 800 BLS Donquixote
36%
Earliest known fleet admiral >76 BLS Kong
36%
Successor of the above LS Sakazuki
36%
Island where the son of the above was born 20 BLS Portgas D. Ace
31%
Most recent person to be made vice admiral of the navy LS Smoker
29%
Game that originated from Pirate Island Unknown Davy Back Fight
27%
Island kingdom shot into the air by the knock-up stream >500 BLS Shandia
22%
First known ruler of the above 500 BLS Calgara
16%
No matching quizzes found
Score Distribution
Percent of People with Each Score
Percentile by Number Answered
Your Score History
You have not taken this quiz